Child development (Record no. 1388104)

MARC details
000 -LEADER
fixed length control field 00623nam a2200217Ia 4500
005 - DATE AND TIME OF LATEST TRANSACTION
control field 20250508164256.0
008 - FIXED-LENGTH DATA ELEMENTS--GENERAL INFORMATION
fixed length control field 008 250505s9999 xx 000 0 eng d
020 ## - INTERNATIONAL STANDARD BOOK NUMBER
International Standard Book Number 978-81-263-1982-4
037 ## - SOURCE OF ACQUISITION
Stock number Reference
040 ## - CATALOGING SOURCE
Original cataloging agency FEDL
Language of cataloging eng
Transcribing agency FEDL
041 ## - LANGUAGE CODE
Language code of text/sound track or separate title eng
Source of code eng
084 ## - COLON CLASSIFICATION NUMBER
Classification number 155.4, SAN/RR
Assigning agency FEDL
100 ## - MAIN ENTRY--PERSONAL NAME
Personal name Santrock John W
9 (RLIN) 446163
245 #0 - TITLE STATEMENT
Title Child development
250 ## - EDITION STATEMENT
Edition statement 13
260 ## - PUBLICATION, DISTRIBUTION, ETC.
Place of publication, distribution, etc. New Delhi, India
Name of publisher, distributor, etc. Tata McGraw-Hill Publishing Company
Date of publication, distribution, etc. 2013
300 ## - PHYSICAL DESCRIPTION
Extent xii, 604p.
546 ## - LANGUAGE NOTE
Language note Replaced copy by Pratibha Bhatia
942 ## - ADDED ENTRY ELEMENTS (KOHA)
Koha item type Reference
Classification part 155.4, SAN/RR
Holdings
Withdrawn status Lost status Damaged status Not for loan Home library Current library Date acquired Total Checkouts Full call number Barcode Date last seen Price effective from Koha item type
        Department of Education Library Department of Education Library 2025-05-08   155.4, SAN/RR EL0081729 2025-05-08 2025-05-08 Reference
Copyright @ Delhi University Library System